Statistics for Mystery Category #8

Click here to take the quiz!

General Stats

  • This quiz has been taken 83 times
  • The average score is 6 of 13

Answer Stats

Lose a Letter, UnscrambleNew Word% Correct
RELAXAXLE
79%
Mystery CategoryCar Parts
78%
HONORHORN
78%
WRITETIRE
77%
EMBARKBRAKE
64%
TRUSTYSTRUT
39%
TERABYTEBATTERY
36%
OPTIONSPISTON
32%
REFINEDFENDER
23%
METEOROIDODOMETER
18%
BARGAINAIRBAG
10%
RETREATSSTARTER
10%
IMPLORESSPOILER
5%

Score Distribution

Percentile by Number Answered

Percent of People with Each Score

Your Score History

You have not taken this quiz